[Event "TNMH"]
[Site "Universidade de Aveiro"]
[Date "2023.12.19"]
[Round "4.1"]
[White "Veiga, Jose"]
[Black "Martins, Bruno"]
[Result "1/2-1/2"]
[BlackElo "2334"]
[WhiteElo "2357"]
[LiveChessVersion "1.4.8"]

1. e4 {[%clk 1:30:25]} e5 {[%clk 1:30:52]} 2. Nf3 {[%clk 1:30:45]} Nc6
{[%clk 1:31:16]} 3. Bb5 {[%clk 1:30:50]} a6 {[%clk 1:31:03]} 4. Ba4
{[%clk 1:29:03]} Nf6 {[%clk 1:31:23]} 5. O-O {[%clk 1:29:14]} b5 {[%clk 1:31:34]}
6. Bb3 {[%clk 1:29:38]} Be7 {[%clk 1:31:56]} 7. Re1 {[%clk 1:28:52]} Bb7
{[%clk 1:30:42]} 8. c3 {[%clk 1:28:07]} O-O {[%clk 1:30:37]} 9. d4
{[%clk 1:28:00]} d6 {[%clk 1:30:30]} 10. h3 {[%clk 1:26:00]} Re8 {[%clk 1:28:59]}
11. Ng5 {[%clk 1:24:59]} Rf8 {[%clk 1:28:34]} 12. Nf3 {[%clk 1:25:17]} Re8
{[%clk 1:28:47]} 13. Ng5 {[%clk 1:25:24]} Rf8 {[%clk 1:29:06]} 14. Nf3
{[%clk 1:25:10]} 1/2-1/2

[Event "TNMH"]
[Site "Universidade de Aveiro"]
[Date "2023.12.19"]
[Round "4.2"]
[White "Dias, Ricardo"]
[Black "Fidalgo, Andre"]
[Result "1/2-1/2"]
[BlackElo "2245"]
[WhiteElo "2189"]
[LiveChessVersion "1.4.8"]

1. e4 {[%clk 1:30:56]} e5 {[%clk 1:30:50]} 2. Nf3 {[%clk 1:31:21]} Nc6
{[%clk 1:31:14]} 3. Bc4 {[%clk 1:31:39]} Nf6 {[%clk 1:31:35]} 4. d3
{[%clk 1:32:04]} h6 {[%clk 1:31:56]} 5. O-O {[%clk 1:32:24]} d6 {[%clk 1:32:20]}
6. c3 {[%clk 1:32:41]} g5 {[%clk 1:32:36]} 7. a4 {[%clk 1:31:52]} a5
{[%clk 1:32:15]} 8. Re1 {[%clk 1:30:51]} g4 {[%clk 1:30:50]} 9. Nfd2
{[%clk 1:25:36]} Bg7 {[%clk 1:30:27]} 10. Nf1 {[%clk 1:24:43]} O-O
{[%clk 1:27:05]} 11. f4 {[%clk 1:06:07]} exf4 {[%clk 1:14:17]} 12. Bxf4
{[%clk 1:06:20]} Ne5 {[%clk 1:14:37]} 13. Bb3 {[%clk 0:56:26]} Ng6
{[%clk 1:14:40]} 14. Qd2 {[%clk 0:52:57]} Kh7 {[%clk 1:14:47]} 15. Ng3
{[%clk 0:52:25]} Ng8 {[%clk 0:58:23]} 16. d4 {[%clk 0:46:58]} N8e7
{[%clk 0:57:53]} 17. Bc2 {[%clk 0:42:08]} Nxf4 {[%clk 0:54:06]} 18. Qxf4
{[%clk 0:42:31]} Ng6 {[%clk 0:54:12]} 19. Qf2 {[%clk 0:38:34]} Qg5
{[%clk 0:51:36]} 20. Na3 {[%clk 0:37:47]} Be6 {[%clk 0:51:04]} 21. Nb5
{[%clk 0:35:30]} Rac8 22. Nf5 {[%clk 0:33:08]} Bh8 {[%clk 0:49:08]} 23. Re3
{[%clk 0:31:13]} Bf6 {[%clk 0:32:48]} 24. h3 {[%clk 0:26:56]} Bxf5
{[%clk 0:31:44]} 25. exf5 {[%clk 0:27:15]} Nf4 {[%clk 0:30:47]} 26. Re4
{[%clk 0:25:15]} Nd5 {[%clk 0:25:50]} 27. Rxg4 {[%clk 0:18:48]} Qe3
{[%clk 0:26:13]} 28. Re1 {[%clk 0:18:37]} Qxf2+ {[%clk 0:26:21]} 29. Kxf2
{[%clk 0:19:05]} Nb6 {[%clk 0:25:37]} 30. Rge4 {[%clk 0:18:51]} Rg8
{[%clk 0:24:34]} 31. g3 {[%clk 0:19:00]} Rgd8 {[%clk 0:23:09]} 32. Bb3
{[%clk 0:14:38]} d5 {[%clk 0:23:29]} 33. R4e2 {[%clk 0:14:59]} c6
{[%clk 0:23:33]} 34. Na3 {[%clk 0:15:23]} Rg8 {[%clk 0:22:57]} 35. Nc2
{[%clk 0:15:13]} Rcd8 {[%clk 0:20:52]} 36. Ne3 {[%clk 0:14:42]} h5
{[%clk 0:21:15]} 37. h4 {[%clk 0:14:15]} Nc8 {[%clk 0:21:33]} 38. Ng2
{[%clk 0:13:29]} Nd6 {[%clk 0:21:49]} 39. Nf4 {[%clk 0:12:24]} Kh6
{[%clk 0:22:11]} 40. Bc2 {[%clk 0:12:46]} Rg4 {[%clk 0:22:01]} 41. Kf3
{[%clk 0:10:34]} Rdg8 {[%clk 0:22:18]} 42. Rg2 {[%clk 0:08:46]} Bxh4
{[%clk 0:19:44]} 43. Reg1 {[%clk 0:09:06]} Bf6 {[%clk 0:17:56]} 44. Rh1
{[%clk 0:04:28]} h4 {[%clk 0:15:20]} 45. Ng6 {[%clk 0:04:13]} Kh5
{[%clk 0:15:04]} 46. gxh4 {[%clk 0:04:22]} Rxg2 {[%clk 0:14:25]} 47. Nf4+
{[%clk 0:04:51]} Kh6 {[%clk 0:14:47]} 48. Nxg2 {[%clk 0:05:18]} Nc4
{[%clk 0:15:09]} 49. b3 {[%clk 0:03:27]} Nd2+ {[%clk 0:12:09]} 50. Kf2
{[%clk 0:03:52]} Re8 {[%clk 0:12:23]} 51. Nf4 {[%clk 0:01:06]} Ne4+
{[%clk 0:12:02]} 52. Bxe4 {[%clk 0:01:34]} Rxe4 {[%clk 0:12:24]} 53. Kf3
{[%clk 0:01:47]} Bd8 {[%clk 0:11:56]} 54. Nd3 {[%clk 0:01:00]} Rxh4
{[%clk 0:04:24]} 55. Rxh4+ {[%clk 0:01:27]} Bxh4 {[%clk 0:04:48]} 56. Kg4
{[%clk 0:01:39]} Be7 {[%clk 0:02:44]} 57. Ne5 {[%clk 0:00:39]} Kg7
{[%clk 0:02:35]} 58. c4 {[%clk 0:00:39]} Ba3 {[%clk 0:01:21]} 59. cxd5
{[%clk 0:00:44]} cxd5 {[%clk 0:01:46]} 60. Nd3 {[%clk 0:01:07]} Kf6
{[%clk 0:01:35]} 61. Nf4 {[%clk 0:01:19]} Bb2 {[%clk 0:01:02]} 62. Nxd5+
{[%clk 0:01:43]} Kg7 {[%clk 0:01:26]} 63. Kf4 {[%clk 0:00:53]} Bxd4
{[%clk 0:01:50]} 64. Ke4 {[%clk 0:01:20]} Bg1 {[%clk 0:01:30]} 65. Ke5
{[%clk 0:00:37]} Bh2+ {[%clk 0:01:54]} 66. Kd4 {[%clk 0:01:01]} Kh6
{[%clk 0:00:40]} 67. Kc5 {[%clk 0:00:47]} Bg3 {[%clk 0:01:04]} 68. Kb6
{[%clk 0:00:40]} Be1 {[%clk 0:01:30]} 69. Kxb7 {[%clk 0:00:56]} Kg5
{[%clk 0:01:54]} 70. f6 {[%clk 0:01:09]} Kf5 {[%clk 0:02:17]} 71. Kc6
{[%clk 0:01:09]} Ke6 {[%clk 0:02:12]} 72. Kc5 {[%clk 0:01:18]} Ke5
{[%clk 0:01:58]} 73. Kc4 {[%clk 0:01:05]} Ke6 {[%clk 0:02:00]} 1/2-1/2

[Event "TNMH"]
[Site "Universidade de Aveiro"]
[Date "2023.12.19"]
[Round "4.3"]
[White "Farias, David"]
[Black "Ferreira, Luis"]
[Result "1/2-1/2"]
[BlackElo "2193"]
[WhiteElo "2133"]
[LiveChessVersion "1.4.8"]

1. e4 {[%clk 1:30:24]} e6 {[%clk 1:30:56]} 2. d4 {[%clk 1:30:45]} d5
{[%clk 1:31:21]} 3. Nc3 {[%clk 1:31:05]} dxe4 {[%clk 1:31:45]} 4. Nxe4
{[%clk 1:31:28]} Bd7 {[%clk 1:32:12]} 5. Nf3 {[%clk 1:30:55]} Bc6
{[%clk 1:31:41]} 6. Bd3 {[%clk 1:30:55]} Nd7 {[%clk 1:31:46]} 7. O-O
{[%clk 1:30:22]} Ngf6 {[%clk 1:30:46]} 8. Ng3 {[%clk 1:29:57]} Bd6
{[%clk 1:29:29]} 9. Re1 {[%clk 1:25:57]} Bxf3 {[%clk 1:26:53]} 10. Qxf3
{[%clk 1:26:19]} O-O {[%clk 1:16:26]} 11. Qxb7 {[%clk 1:13:26]} Nd5
{[%clk 1:15:23]} 12. c3 {[%clk 1:05:52]} N7f6 {[%clk 1:00:27]} 13. Qb3
{[%clk 0:54:48]} Rb8 {[%clk 0:46:43]} 14. Qd1 {[%clk 0:44:41]} c5
{[%clk 0:40:07]} 15. dxc5 {[%clk 0:37:14]} Bxc5 {[%clk 0:38:42]} 16. Qf3
{[%clk 0:35:09]} Qc7 {[%clk 0:35:42]} 17. b4 {[%clk 0:27:52]} Bxf2+
{[%clk 0:26:25]} 18. Kxf2 {[%clk 0:22:16]} Qxc3 {[%clk 0:25:30]} 19. Bg5
{[%clk 0:08:20]} Qd4+ {[%clk 0:24:39]} 20. Ke2 {[%clk 0:08:28]} Nc3+
{[%clk 0:19:22]} 21. Kd2 {[%clk 0:07:12]} Rxb4 {[%clk 0:15:59]} 22. Bxf6
{[%clk 0:01:40]} gxf6 {[%clk 0:14:20]} 23. Rec1 {[%clk 0:01:12]} Rb2+
{[%clk 0:10:03]} 24. Ke1 {[%clk 0:00:56]} Nd5 {[%clk 0:08:20]} 25. Rc4
{[%clk 0:00:38]} Qe3+ {[%clk 0:04:59]} 26. Qxe3 {[%clk 0:00:36]} Nxe3
{[%clk 0:05:26]} 27. Re4 {[%clk 0:00:32]} Nxg2+ {[%clk 0:05:05]} 28. Kf1
{[%clk 0:00:53]} Rd8 {[%clk 0:04:24]} 29. Re2 {[%clk 0:00:32]} Rxe2
{[%clk 0:04:11]} 30. Bxe2 {[%clk 0:00:58]} Nf4 {[%clk 0:04:08]} 31. Rd1
{[%clk 0:00:56]} Rc8 {[%clk 0:04:19]} 32. Rd7 {[%clk 0:00:33]} a5
{[%clk 0:03:35]} 33. Bh5 {[%clk 0:00:32]} Rc2 {[%clk 0:03:24]} 34. Bxf7+
{[%clk 0:00:37]} Kf8 {[%clk 0:03:46]} 35. Ne4 {[%clk 0:00:34]} Rxa2
{[%clk 0:02:18]} 36. Nxf6 {[%clk 0:00:34]} Rxh2 {[%clk 0:02:32]} 37. Bg8
{[%clk 0:00:32]} Rh1+ {[%clk 0:02:16]} 38. Kf2 {[%clk 0:00:57]} Nh3+
{[%clk 0:02:03]} 39. Kg2 {[%clk 0:01:19]} Rg1+ {[%clk 0:02:28]} 40. Kxh3
{[%clk 0:01:43]} Rg7 {[%clk 0:02:55]} 41. Rd6 {[%clk 0:00:53]} Rg6
{[%clk 0:02:26]} 42. Rxe6 {[%clk 0:00:34]} Kg7 {[%clk 0:02:40]} 43. Bxh7
{[%clk 0:00:33]} Rxf6 {[%clk 0:03:01]} 44. Rxf6 1/2-1/2

[Event "TNMH"]
[Site "Universidade de Aveiro"]
[Date "2023.12.19"]
[Round "4.4"]
[White "Reis, Luis"]
[Black "Ribeiro, Fernando"]
[Result "0-1"]
[BlackElo "2186"]
[WhiteElo "2157"]
[LiveChessVersion "1.4.8"]

1. d4 {[%clk 1:30:56]} e6 {[%clk 1:21:19]} 2. Nf3 {[%clk 1:24:32]} Nf6
{[%clk 1:20:45]} 3. c4 {[%clk 1:23:35]} d6 {[%clk 1:17:11]} 4. Nc3
{[%clk 1:08:42]} Nbd7 {[%clk 1:17:32]} 5. e4 {[%clk 1:08:59]} e5 {[%clk 1:17:57]}
6. d5 {[%clk 1:05:14]} Nc5 {[%clk 1:15:58]} 7. Bd3 {[%clk 1:00:47]} Nxd3+
{[%clk 1:14:31]} 8. Qxd3 {[%clk 1:01:15]} Be7 {[%clk 1:14:48]} 9. h3
{[%clk 0:59:02]} O-O {[%clk 1:14:11]} 10. g4 {[%clk 0:58:27]} c6 {[%clk 1:14:06]}
11. Be3 {[%clk 0:56:10]} cxd5 {[%clk 1:14:01]} 12. cxd5 {[%clk 0:55:09]} a6
{[%clk 1:14:00]} 13. O-O-O {[%clk 0:55:09]} b5 {[%clk 1:14:15]} 14. Kb1
{[%clk 0:53:47]} Nd7 {[%clk 1:13:42]} 15. Ne2 {[%clk 0:33:43]} a5
{[%clk 1:10:26]} 16. Ng3 {[%clk 0:32:00]} Ba6 {[%clk 1:10:08]} 17. Nf5
{[%clk 0:31:43]} b4 {[%clk 1:10:35]} 18. Qd2 {[%clk 0:31:47]} Re8
{[%clk 1:06:56]} 19. g5 {[%clk 0:14:11]} Bf8 {[%clk 1:05:55]} 20. h4
{[%clk 0:14:19]} Nc5 {[%clk 1:05:39]} 21. Bxc5 {[%clk 0:14:11]} dxc5
{[%clk 1:06:08]} 22. h5 {[%clk 0:13:35]} g6 {[%clk 0:55:01]} 23. hxg6
{[%clk 0:12:57]} fxg6 {[%clk 0:55:21]} 24. Nh6+ {[%clk 0:13:07]} Bxh6
{[%clk 0:53:38]} 25. Rxh6 {[%clk 0:13:03]} Ra7 {[%clk 0:49:06]} 26. Nh2
{[%clk 0:11:55]} Bc8 {[%clk 0:46:59]} 27. Rc1 {[%clk 0:10:27]} Qd6
{[%clk 0:46:39]} 28. Nf1 {[%clk 0:09:09]} Rf7 {[%clk 0:41:52]} 29. Qe3
{[%clk 0:07:56]} Ref8 {[%clk 0:40:04]} 30. Rh2 {[%clk 0:06:42]} Ba6
{[%clk 0:18:29]} 31. Nd2 {[%clk 0:07:07]} Rc8 {[%clk 0:18:36]} 32. Nb3
{[%clk 0:06:02]} a4 {[%clk 0:17:50]} 33. Nd2 {[%clk 0:06:00]} c4 {[%clk 0:18:01]}
34. Rh3 {[%clk 0:04:04]} Rfc7 {[%clk 0:15:43]} 35. Nf3 {[%clk 0:03:50]} c3
{[%clk 0:15:58]} 36. Rhh1 {[%clk 0:03:23]} cxb2 {[%clk 0:15:37]} 37. Rxc7
{[%clk 0:03:33]} Qxc7 {[%clk 0:15:56]} 38. Kxb2 {[%clk 0:03:50]} Qc2+
{[%clk 0:15:58]} 39. Ka1 {[%clk 0:04:01]} b3 {[%clk 0:15:52]} 0-1

[Event "TNMH"]
[Site "Universidade de Aveiro"]
[Date "2023.12.19"]
[Round "4.5"]
[White "Ribeiro, Gustavo"]
[Black "Goncalves, Samuel"]
[Result "1-0"]
[BlackElo "2165"]
[WhiteElo "2187"]
[LiveChessVersion "1.4.8"]

1. e4 c5 2. Nf3 e6 3. d4 cxd4 4. Nxd4 Nc6 5. Nc3 Qc7 6. Ncb5 Qb8 7. Bd3 Ne5 8.
O-O a6 9. Nc3 Nf6 10. f4 Bc5 11. Nce2 Nc6 12. c3 Qa7 13. Kh1 h5 14. Be3 Ng4 15.
Bg1 d6 16. a4 e5 17. fxe5 dxe5 18. b4 exd4 19. bxc5 Ne3 20. Bxe3 dxe3 21. Bc4 O-O
22. Rxf7 Rxf7 23. Bxf7+ Kxf7 24. Qd5+ Ke8 25. Qg8+ Ke7 26. Qxg7+ Ke8 27. Qg8+ Ke7
28. Rf1 Kd7 29. Qd5+ Ke8 30. Qf7+ 1-0

[Event "TNMH"]
[Site "Universidade de Aveiro"]
[Date "2023.12.19"]
[Round "4.6"]
[White "Marques, Pedro"]
[Black "Matos, Joao"]
[Result "1-0"]
[BlackElo "1636"]
[WhiteElo "1751"]
[LiveChessVersion "1.4.8"]

1. d4 {[%clk 1:29:24]} Nf6 {[%clk 1:30:44]} 2. Nf3 {[%clk 1:29:05]} e6
{[%clk 1:30:08]} 3. Bf4 {[%clk 1:28:00]} c5 {[%clk 1:27:23]} 4. c3
{[%clk 1:20:45]} Qb6 {[%clk 1:25:09]} 5. Qb3 {[%clk 1:15:34]} Nc6
{[%clk 1:23:06]} 6. e3 {[%clk 1:14:04]} Qxb3 {[%clk 1:20:31]} 7. axb3
{[%clk 1:14:28]} d5 {[%clk 1:18:07]} 8. Na3 {[%clk 1:06:00]} Bd7 {[%clk 1:09:31]}
9. Nb5 {[%clk 1:03:21]} Kd8 {[%clk 1:08:33]} 10. Bc7+ {[%clk 0:52:02]} Kc8
{[%clk 1:08:08]} 11. Bb6 {[%clk 0:46:17]} cxd4 {[%clk 1:06:20]} 12. Nfxd4
{[%clk 0:38:54]} a6 {[%clk 1:05:24]} 13. Bd3 {[%clk 0:30:05]} Ne5
{[%clk 1:02:52]} 14. Be2 {[%clk 0:29:20]} Bc6 {[%clk 1:01:26]} 15. Na7+
{[%clk 0:25:55]} Kd7 {[%clk 0:57:52]} 16. f4 {[%clk 0:25:36]} Neg4
{[%clk 0:57:30]} 17. Ndxc6 {[%clk 0:22:06]} bxc6 {[%clk 0:56:54]} 18. Rxa6
{[%clk 0:18:34]} Bd6 {[%clk 0:54:40]} 19. h3 {[%clk 0:18:40]} Nh6
{[%clk 0:54:36]} 20. O-O {[%clk 0:16:47]} Nf5 {[%clk 0:54:29]} 21. Rfa1
{[%clk 0:16:13]} Ng3 {[%clk 0:52:18]} 22. Bd3 {[%clk 0:16:22]} Nfe4
{[%clk 0:51:49]} 23. b4 {[%clk 0:14:17]} g5 {[%clk 0:50:49]} 24. Bd4
{[%clk 0:13:26]} Rhg8 {[%clk 0:50:03]} 25. Nxc6 {[%clk 0:12:15]} Rxa6
{[%clk 0:49:19]} 26. Rxa6 {[%clk 0:12:39]} Rc8 {[%clk 0:45:18]} 27. Bb5
{[%clk 0:08:53]} Rxc6 {[%clk 0:43:07]} 28. Bxc6+ {[%clk 0:09:09]} Kc7
{[%clk 0:42:58]} 29. b5 {[%clk 0:08:50]} Ne2+ {[%clk 0:42:17]} 30. Kf1
{[%clk 0:08:50]} Nxd4 {[%clk 0:39:29]} 31. exd4 {[%clk 0:09:13]} Bxf4
{[%clk 0:38:50]} 32. Ra7+ {[%clk 0:09:27]} Kb8 {[%clk 0:38:17]} 33. b6
{[%clk 0:09:20]} Nd2+ {[%clk 0:36:51]} 34. Ke2 {[%clk 0:09:32]} 1-0

[Event "TNMH"]
[Site "Universidade de Aveiro"]
[Date "2023.12.19"]
[Round "4.7"]
[White "Tribuzi, Carlos"]
[Black "Meuter, Alain"]
[Result "0-1"]
[BlackElo "1392"]
[WhiteElo "1526"]
[LiveChessVersion "1.4.8"]

1. e4 {[%clk 1:30:56]} c5 {[%clk 1:30:49]} 2. Nf3 {[%clk 1:31:21]} d6
{[%clk 1:31:09]} 3. Bb5+ {[%clk 1:31:01]} Bd7 {[%clk 1:30:52]} 4. Bxd7+
{[%clk 1:30:19]} Qxd7 {[%clk 1:30:51]} 5. O-O {[%clk 1:29:33]} Nc6
{[%clk 1:29:12]} 6. c3 {[%clk 1:28:07]} e6 {[%clk 1:23:08]} 7. d4
{[%clk 1:27:02]} cxd4 {[%clk 1:23:18]} 8. cxd4 {[%clk 1:27:22]} Nf6
{[%clk 1:17:38]} 9. Nc3 {[%clk 1:26:53]} Be7 {[%clk 1:17:07]} 10. Re1
{[%clk 1:25:32]} O-O {[%clk 1:14:26]} 11. Bg5 {[%clk 1:22:39]} h6
{[%clk 1:11:20]} 12. Bxf6 {[%clk 1:15:14]} Bxf6 {[%clk 1:09:39]} 13. e5
{[%clk 1:11:43]} Be7 {[%clk 1:09:33]} 14. Qa4 {[%clk 1:06:44]} d5
{[%clk 1:05:56]} 15. a3 {[%clk 1:00:42]} a6 {[%clk 1:02:16]} 16. b4
{[%clk 0:55:04]} b5 {[%clk 1:02:08]} 17. Qb3 {[%clk 0:54:13]} Qa7
{[%clk 0:59:16]} 18. Ne2 {[%clk 0:51:44]} Rac8 {[%clk 0:54:23]} 19. Rac1
{[%clk 0:50:16]} Qb7 {[%clk 0:53:19]} 20. Rc2 {[%clk 0:48:22]} Bd8
{[%clk 0:52:20]} 21. Rec1 {[%clk 0:47:31]} Bb6 {[%clk 0:51:05]} 22. Qb2
{[%clk 0:42:08]} Rc7 {[%clk 0:48:41]} 23. Nd2 {[%clk 0:41:35]} Rfc8
{[%clk 0:44:05]} 24. Nb3 {[%clk 0:40:51]} a5 {[%clk 0:33:26]} 25. Nc5
{[%clk 0:40:16]} Bxc5 {[%clk 0:30:28]} 26. bxc5 {[%clk 0:40:21]} b4
{[%clk 0:28:07]} 27. axb4 {[%clk 0:37:03]} axb4 {[%clk 0:28:20]} 28. Ra1
{[%clk 0:31:30]} Ra8 {[%clk 0:27:01]} 29. Rxa8+ {[%clk 0:28:34]} Qxa8
{[%clk 0:27:29]} 30. Nc1 {[%clk 0:28:00]} Qa6 {[%clk 0:26:29]} 31. Nb3
{[%clk 0:25:16]} Ra7 {[%clk 0:24:50]} 32. h3 {[%clk 0:24:00]} Qd3
{[%clk 0:24:12]} 33. Rd2 {[%clk 0:23:36]} Qe4 {[%clk 0:22:21]} 34. Qc2
{[%clk 0:22:27]} Qe1+ {[%clk 0:21:26]} 35. Kh2 Qf1 {[%clk 0:20:58]} 36. Rd1
{[%clk 0:21:58]} Qb5 {[%clk 0:20:13]} 37. Qd3 {[%clk 0:20:28]} Qxd3
{[%clk 0:18:23]} 38. Rxd3 {[%clk 0:20:54]} Ra3 {[%clk 0:18:29]} 39. Nc1
{[%clk 0:17:14]} Rxd3 {[%clk 0:17:35]} 40. Nxd3 {[%clk 0:17:22]} b3
{[%clk 0:17:53]} 41. f4 {[%clk 0:16:50]} Nxd4 {[%clk 0:17:49]} 42. Kg3
{[%clk 0:16:24]} Kf8 {[%clk 0:17:40]} 43. Kf2 {[%clk 0:16:25]} Ke7
{[%clk 0:17:30]} 44. Ke3 {[%clk 0:16:24]} Nc6 {[%clk 0:17:12]} 45. Kd2
{[%clk 0:16:13]} d4 {[%clk 0:14:23]} 46. Kc1 {[%clk 0:15:09]} Na5
{[%clk 0:14:30]} 47. Kb2 {[%clk 0:14:53]} Kd7 {[%clk 0:14:41]} 48. Nb4
{[%clk 0:14:09]} f6 {[%clk 0:14:57]} 49. g4 {[%clk 0:13:08]} fxe5 50. fxe5
{[%clk 0:13:07]} g5 {[%clk 0:14:30]} 51. Ka3 {[%clk 0:11:00]} Kc7
{[%clk 0:13:24]} 52. Nd3 {[%clk 0:10:20]} Kc6 {[%clk 0:13:02]} 53. Kb4
{[%clk 0:10:11]} Nb7 {[%clk 0:13:21]} 54. Kc4 {[%clk 0:07:53]} Nxc5
{[%clk 0:09:15]} 55. Nxc5 {[%clk 0:03:07]} b2 {[%clk 0:09:10]} 56. Nxe6
{[%clk 0:03:19]} b1=Q {[%clk 0:08:48]} 57. Nxd4+ {[%clk 0:03:40]} Kd7
{[%clk 0:08:31]} 58. e6+ {[%clk 0:03:35]} Ke7 {[%clk 0:08:16]} 59. Kd5
{[%clk 0:03:36]} Qb7+ {[%clk 0:06:44]} 60. Nc6+ {[%clk 0:03:00]} Qxc6+
{[%clk 0:05:48]} 61. Kxc6 {[%clk 0:03:10]} Kxe6 {[%clk 0:06:09]} 62. Kc7
{[%clk 0:02:35]} Ke5 {[%clk 0:06:29]} 63. Kd7 {[%clk 0:02:54]} Kf4
{[%clk 0:06:43]} 64. Ke6 {[%clk 0:02:54]} Kg3 {[%clk 0:06:49]} 65. Kf5
{[%clk 0:01:49]} Kxh3 {[%clk 0:07:10]} 66. Kg6 {[%clk 0:02:01]} Kxg4
{[%clk 0:07:23]} 67. Kxh6 {[%clk 0:02:26]} Kh4 {[%clk 0:07:04]} 68. Kh7
{[%clk 0:02:10]} g4 {[%clk 0:07:13]} 0-1

[Event "TNMH"]
[Site "Universidade de Aveiro"]
[Date "2023.12.19"]
[Round "4.8"]
[White "Sousa, Pedro"]
[Black "Justino, Francisco"]
[Result "1-0"]
[BlackElo "1392"]
[WhiteElo "1170"]
[LiveChessVersion "1.4.8"]

1. e4 {[%clk 1:23:35]} c6 {[%clk 1:30:54]} 2. d4 {[%clk 1:23:33]} d5
{[%clk 1:31:17]} 3. exd5 {[%clk 1:23:56]} cxd5 {[%clk 1:31:32]} 4. Bd3
{[%clk 1:24:18]} Nc6 {[%clk 1:31:11]} 5. c3 {[%clk 1:24:08]} Nf6 {[%clk 1:31:13]}
6. Bf4 {[%clk 1:24:21]} Bg4 {[%clk 1:28:02]} 7. Qb3 {[%clk 1:23:17]} Qd7
{[%clk 1:21:54]} 8. Nd2 {[%clk 1:23:33]} a6 {[%clk 1:20:52]} 9. Ngf3
{[%clk 1:22:04]} Bxf3 {[%clk 1:03:34]} 10. Nxf3 {[%clk 1:18:38]} e6
{[%clk 0:59:51]} 11. Ne5 {[%clk 1:05:39]} Nxe5 {[%clk 0:59:48]} 12. dxe5
{[%clk 1:05:25]} Ne4 {[%clk 0:59:50]} 13. Bxe4 {[%clk 1:05:21]} dxe4
{[%clk 1:00:17]} 14. Rd1 {[%clk 1:04:51]} Qc6 {[%clk 0:59:45]} 15. O-O
{[%clk 1:02:53]} Bc5 {[%clk 0:56:27]} 16. Rfe1 {[%clk 1:01:19]} O-O
{[%clk 0:56:32]} 17. Be3 {[%clk 0:58:36]} Bxe3 {[%clk 0:51:16]} 18. Rxe3
{[%clk 0:57:21]} Rad8 {[%clk 0:51:33]} 19. Rde1 {[%clk 0:57:07]} Rd2
{[%clk 0:47:46]} 20. Rxe4 {[%clk 0:56:58]} Rfd8 {[%clk 0:47:57]} 21. Rc4
{[%clk 0:37:44]} Rxb2 {[%clk 0:41:14]} 22. Rxc6 {[%clk 0:34:38]} Rxb3
{[%clk 0:41:37]} 23. Rxe6 {[%clk 0:31:57]} Rxc3 {[%clk 0:41:39]} 24. Rb6
{[%clk 0:29:17]} Ra3 {[%clk 0:41:24]} 25. Rxb7 {[%clk 0:22:10]} Rxa2
{[%clk 0:41:51]} 26. g3 {[%clk 0:21:32]} g6 {[%clk 0:42:05]} 27. e6
{[%clk 0:21:36]} f6 {[%clk 0:32:41]} 28. Rc1 {[%clk 0:19:26]} Re2
{[%clk 0:29:13]} 29. Rcc7 {[%clk 0:19:07]} Rxe6 {[%clk 0:28:58]} 30. Rg7+
{[%clk 0:19:25]} Kh8 {[%clk 0:28:47]} 31. Rxh7+ {[%clk 0:19:47]} Kg8
{[%clk 0:29:11]} 32. Rbg7+ {[%clk 0:18:57]} Kf8 {[%clk 0:29:27]} 33. Rxg6
{[%clk 0:18:40]} a5 {[%clk 0:25:10]} 34. Rh8+ {[%clk 0:18:46]} Kf7
{[%clk 0:25:26]} 35. Rxf6+ {[%clk 0:18:59]} Rxf6 {[%clk 0:24:29]} 36. Rxd8
{[%clk 0:19:21]} Rg6 1-0

[Event "TNMH"]
[Site "Universidade de Aveiro"]
[Date "2023.12.19"]
[Round "4.9"]
[White "Ferreira, Vasco"]
[Black "Ermida, Ricardo"]
[Result "1/2-1/2"]
[BlackElo "1700"]
[WhiteElo "1561"]
[LiveChessVersion "1.4.8"]

1. e4 {[%clk 1:30:57]} d6 {[%clk 1:30:49]} 2. d4 {[%clk 1:31:00]} Nf6
{[%clk 1:31:13]} 3. Nc3 {[%clk 1:30:13]} e5 {[%clk 1:31:27]} 4. dxe5
{[%clk 1:30:11]} dxe5 {[%clk 1:31:48]} 5. Qxd8+ {[%clk 1:29:53]} Kxd8
{[%clk 1:32:10]} 6. Bc4 {[%clk 1:26:46]} Ke8 {[%clk 1:32:33]} 7. Nf3
{[%clk 1:26:06]} Bd6 {[%clk 1:32:39]} 8. Ng5 {[%clk 1:22:02]} Rf8 9. Bd2
{[%clk 1:15:20]} h6 {[%clk 1:32:06]} 10. Nf3 {[%clk 1:15:08]} a6 {[%clk 1:31:46]}
11. O-O-O {[%clk 1:13:37]} Bg4 {[%clk 1:24:41]} 12. h3 {[%clk 1:08:02]} Bxf3
{[%clk 1:23:05]} 13. gxf3 {[%clk 1:08:18]} Nh5 {[%clk 1:21:41]} 14. Rhg1
{[%clk 1:07:17]} Nc6 {[%clk 1:16:13]} 15. Ne2 {[%clk 1:00:39]} Rd8
{[%clk 1:05:09]} 16. Ng3 {[%clk 0:58:05]} Nxg3 {[%clk 1:02:04]} 17. Rxg3
{[%clk 0:58:00]} g5 {[%clk 1:01:11]} 18. h4 {[%clk 0:55:36]} f6 {[%clk 0:58:58]}
19. Rh1 {[%clk 0:53:15]} b5 {[%clk 0:53:16]} 20. Bd3 {[%clk 0:48:57]} Nd4
{[%clk 0:49:26]} 21. hxg5 {[%clk 0:47:55]} hxg5 {[%clk 0:49:35]} 22. c3
{[%clk 0:45:54]} Ne6 {[%clk 0:49:17]} 23. Bc2 {[%clk 0:40:21]} Rf7
{[%clk 0:31:32]} 24. Bb3 {[%clk 0:39:28]} Ke7 {[%clk 0:31:43]} 25. Rh6
{[%clk 0:36:39]} Bc5 {[%clk 0:22:37]} 26. Be3 {[%clk 0:29:35]} Bxe3+
{[%clk 0:21:47]} 27. fxe3 {[%clk 0:29:57]} Rg7 {[%clk 0:19:30]} 28. Rh5
{[%clk 0:23:10]} c6 {[%clk 0:15:42]} 29. Bxe6 {[%clk 0:19:23]} 1/2-1/2